000 01037nam a2200241Ia 4500
003 GCL
008 140319s9999 xx 000 0 ara d
020 _a595208977
040 _aGCL /
_cGCL
082 0 4 _aق
_b962.064
_bس س
100 1 _aسامى شرف
245 1 0 _aسنوات وايام مع جمال عبدالناصر :
_bشهادة سامى شرف /
_cسامى شرف
250 _aالاولى
260 _aالقاهرة :
_bمكتبة مدبولى ،
_c2006
300 _a860 ص ؛
_c24 سم
650 0 4 _aمصر - تاريخ - العصر الحديث - جمال عبدالناصر ( 1954-1970 )
650 0 4 _aمصر - تاريخ - العصر الحديث - محمد نجيب(1952-1954)
650 0 4 _aمصر - تاريخ - العصر الحديث - ثورة 23 يوليو 1952
650 0 4 _aالاخوان المسلمون - مصر
650 0 4 _aمصر - تاريخ - العصر الحديث - الثورات
650 0 4 _aمصر - الاحوال السياسية - جمال عبدالناصر
942 _2ddc
_cBK
999 _c9529
_d9529